<?xml version="1.0" encoding="UTF-8"?>
<record
    xmlns:xsi="http://www.w3.org/2001/XMLSchema-instance"
    xsi:schemaLocation="http://www.loc.gov/MARC21/slim http://www.loc.gov/standards/marcxml/schema/MARC21slim.xsd"
    xmlns="http://www.loc.gov/MARC21/slim">

  <leader>00719nam a2200205 a 4500</leader>
  <controlfield tag="003">OSt</controlfield>
  <controlfield tag="005">20140626182548.0</controlfield>
  <controlfield tag="008">      s2014    spc|||||||||| 0|0 0|spa|d</controlfield>
  <datafield tag="017" ind1=" " ind2=" ">
    <subfield code="a">DL B. 2090-2014</subfield>
    <subfield code="b">Biblioteca de Catalunya</subfield>
  </datafield>
  <datafield tag="020" ind1=" " ind2=" ">
    <subfield code="a">9788433926029</subfield>
  </datafield>
  <datafield tag="040" ind1=" " ind2=" ">
    <subfield code="a">ES-BaBC</subfield>
    <subfield code="b">cat</subfield>
    <subfield code="c">CDMR</subfield>
  </datafield>
  <datafield tag="100" ind1="1" ind2=" ">
    <subfield code="a">Sala, Rosa</subfield>
    <subfield code="d">1969-</subfield>
    <subfield code="9">4568</subfield>
  </datafield>
  <datafield tag="245" ind1="1" ind2="3">
    <subfield code="a">El Marqu&#xE9;s y la esv&#xE1;stica</subfield>
    <subfield code="b">: C&#xE9;sar Gonz&#xE1;lez-Ruano y los jud&#xED;os en el Par&#xED;s ocupado </subfield>
    <subfield code="c">Rosa Sala Rose, Pl&#xE0;cid Garcia-Planas</subfield>
  </datafield>
  <datafield tag="260" ind1=" " ind2=" ">
    <subfield code="a">Barcelona </subfield>
    <subfield code="b">Anagrama</subfield>
    <subfield code="c">2014</subfield>
  </datafield>
  <datafield tag="300" ind1=" " ind2=" ">
    <subfield code="a">501 p. </subfield>
    <subfield code="b">il. </subfield>
    <subfield code="c">22 cm</subfield>
  </datafield>
  <datafield tag="600" ind1="1" ind2="4">
    <subfield code="a">Gonz&#xE1;lez-Ruano, C&#xE9;sar</subfield>
    <subfield code="d">1903-1965</subfield>
    <subfield code="9">550</subfield>
  </datafield>
  <datafield tag="650" ind1=" " ind2="7">
    <subfield code="a">Nacionalsocialisme</subfield>
    <subfield code="2">lemac</subfield>
    <subfield code="9">4109</subfield>
  </datafield>
  <datafield tag="700" ind1="1" ind2=" ">
    <subfield code="a">Garcia-Planas, Pl&#xE0;cid</subfield>
    <subfield code="d">1962-</subfield>
    <subfield code="9">4569</subfield>
  </datafield>
  <datafield tag="942" ind1=" " ind2=" ">
    <subfield code="c">MON</subfield>
    <subfield code="2">udc</subfield>
  </datafield>
  <datafield tag="999" ind1=" " ind2=" ">
    <subfield code="c">6739</subfield>
    <subfield code="d">6739</subfield>
  </datafield>
  <datafield tag="952" ind1=" " ind2=" ">
    <subfield code="0">0</subfield>
    <subfield code="1">0</subfield>
    <subfield code="4">0</subfield>
    <subfield code="7">0</subfield>
    <subfield code="a">CDMR</subfield>
    <subfield code="b">CDMR</subfield>
    <subfield code="d">2014-06-26</subfield>
    <subfield code="e">Intercanvi</subfield>
    <subfield code="g">24.90</subfield>
    <subfield code="l">8</subfield>
    <subfield code="m">4</subfield>
    <subfield code="o">Bk 80</subfield>
    <subfield code="p">CDMR1406301250</subfield>
    <subfield code="r">2017-11-22</subfield>
    <subfield code="s">2017-10-28</subfield>
    <subfield code="v">24.90</subfield>
    <subfield code="w">2014-06-26</subfield>
    <subfield code="y">MON</subfield>
  </datafield>
</record>
